Collection and processing of the crop: General considerations (Record no. 55842)

MARC details
000 -LEADER
fixed length control field 00438nam a2200133Ia 4500
100 ## - MAIN ENTRY--AUTHOR NAME
Personal name Thomas E V
245 #0 - TITLE STATEMENT
Title Collection and processing of the crop: General considerations
260 ## - PUBLICATION, DISTRIBUTION, ETC. (IMPRINT)
Name of publisher Handbook of Natural Rubber Production in India. (Ed. P N Radhakrishna Pillay). Kottayam, RRII, 1980
Year of publication 1980
300 ## - PHYSICAL DESCRIPTION
Number of Pages 337-357
700 ## - ADDED ENTRY--PERSONAL NAME
Personal name Kothandaraman R
700 ## - ADDED ENTRY--PERSONAL NAME
Personal name Kumaran M G
942 ## - ADDED ENTRY ELEMENTS (KOHA)
Koha item type Journals
Holdings
Withdrawn status Lost status Damaged status Not for loan Home library Current library Shelving location Date acquired Koha item type
      Journals RRII Library RRII Library Rubber chemistry 17/12/2021 Journals